000 01919cam a22004574i 4500
003 PE-LiUPU
005 20250731165410.0
008 151021s2008 pe a grm 000 0 spa d
035 _a(Sirsi) a154998
040 _aPE-LiUPU
_bspa
_cPE-LiUPU
_erda
099 _aTEF 2
_bJ24 2008
100 1 _aJara Pilco, Cinthia Esperanza
_eautor
245 1 _aRelación del nivel de conocimiento y la práctica de higiene de las Madres en la preparación de alimentos en los comedores populares del centro poblado menor Miguel Graú y Nueva Alianza durante el periodo de Mayo /
_cCinthia Esperanza Jara Pilco.
264 0 _c2008.
300 _a86 hojas :
_bilustraciones;
_c30 cm
336 _atext
_2rdacontent
337 _aunmediated
_2rdamedia
338 _avolume
_2rdacarrier
502 _aTesis
_b(Lic.) --
_cUniversidad Peruana Unión,
_d2008.
504 _aIncluye referencias
520 3 _aEn nuestro país, existen muchas enfermedades relacionadas con la salud del niño, de la madre y d ella comunidad. Sin embargo, las enfermedades gastrointestinales son las mas importantes, las cuales, según los diversos estudios realizados, quedan ubicadas en el tercer puesto de morbi -mortalidad, especialmente producida por la inadecuada higiene y manipulación indebida a los alimentos durante su preparación
526 _aSEG44
526 _aSEG26
526 _aP151
526 _aP150
526 _aP149
526 _aP146
526 _aP145
526 _aP126
526 _aP125
526 _aP92
526 _aP75
526 _aP74
526 _aP27
526 _aP15
650 0 4 _aComedores populares
_xCondiciones higiénicas.
700 1 _aHuamán Villanueva, Elena Ruth
_eautor
596 _a1
942 _2ddc
_cTESIS
999 _aTEF 2
_BJ24 2008
_wALPHANUM
_c7688
_iT01098
_lCCODEBUL3
_mBUL
_r1
_sY
_tTESIS
_u2015-10-21
_xSALUD
_PP22
_o.STAFF. Tesis
_d7688
980 _81
_gALBERTO SANCHEZ Responsable de Automatización